[Event "Sydney Open 2014"]
[Site "Sydney AUS"]
[Date "2014.04.23"]
[Round "1.1"]
[White "Kargosha, Bahman"]
[Black "Nisipeanu, Liviu-Dieter"]
[Result "0-1"]
[BlackTitle "GM"]
[WhiteElo "2132"]
[BlackElo "2686"]
[WhiteFideId "12503452"]
[BlackFideId "1202758"]
[EventDate "2014.04.23"]

1. d4 Nf6 2. Nf3 d5 3. e3 Bf5 4. Bd3 e6 5. Bxf5 exf5 6. Qd3 Qc8 7. c4 dxc4 8.
Qxc4 Bd6 9. Nc3 a6 10. b4 O-O 11. O-O Nbd7 12. a4 Nb6 13. Qb3 Qe6 14. Qxe6 fxe6
15. Rb1 Nfd5 16. Nxd5 exd5 17. a5 Nc4 18. Nd2 Nxd2 19. Bxd2 c6 20. f4 h6 21. Kf2
g5 22. g3 Kh7 23. Rh1 Rg8 24. Rbg1 Rae8 25. Kf3 Re6 26. Kf2 Reg6 27. Kf1 Be7 28.
Kf2 R8g7 29. Kf1 Kg8 30. Kf2 Kf7 31. Bc3 Rg8 32. Bd2 Ke6 33. Bc3 Bf6 34. Ba1 Kd7
35. Bc3 h5 36. Kf1 gxf4 37. gxf4 Rxg1+ 38. Rxg1 Rxg1+ 39. Kxg1 b6 40. axb6 Kc8
41. Kf1 Kb7 42. Ke2 Kxb6 0-1

[Event "Sydney Open 2014"]
[Site "Sydney AUS"]
[Date "2014.04.23"]
[Round "1.2"]
[White "Van Wely, Loek"]
[Black "Castor, David"]
[Result "1-0"]
[WhiteTitle "GM"]
[WhiteElo "2685"]
[BlackElo "2126"]
[WhiteFideId "1000268"]
[BlackFideId "3204588"]
[EventDate "2014.04.23"]

1. d4 Nf6 2. c4 c5 3. d5 b5 4. cxb5 a6 5. bxa6 g6 6. Nc3 Bxa6 7. Nf3 d6 8. g3
Nbd7 9. Bg2 Bg7 10. Rb1 Qa5 11. Bd2 Nb6 12. b3 Qa3 13. O-O O-O 14. Ne1 Bb7 15.
Nc2 Qa6 16. e4 Nfd7 17. a4 Rac8 18. Bh3 Rcd8 19. Re1 Ne5 20. Bf1 Qa8 21. f4 Ned7
22. a5 Nc8 23. a6 Bxa6 24. Ra1 Nb8 25. Bxa6 Nxa6 26. Qe2 c4 27. Qxc4 Qa7+ 28.
Re3 1-0

[Event "Sydney Open 2014"]
[Site "Sydney AUS"]
[Date "2014.04.23"]
[Round "1.3"]
[White "Atzmon-Simon, Barak"]
[Black "Melkumyan, Hrant"]
[Result "0-1"]
[BlackTitle "GM"]
[WhiteElo "2095"]
[BlackElo "2633"]
[WhiteFideId "2804395"]
[BlackFideId "13302485"]
[EventDate "2014.04.23"]

1. d4 Nf6 2. c4 g6 3. Nc3 d5 4. Nf3 Bg7 5. Qb3 dxc4 6. Qxc4 O-O 7. e4 Na6 8. Be2
c5 9. d5 e6 10. Bg5 exd5 11. exd5 Bf5 12. O-O Re8 13. Qh4 Nc7 14. Rfd1 Qd6 15.
Bf4 Qb6 16. Bxc7 Qxc7 17. Bb5 Red8 18. Bc4 a6 19. a4 Qd6 20. Re1 Re8 21. Qg3 Qb6
22. Rxe8+ Rxe8 23. Re1 Rxe1+ 24. Nxe1 Qxb2 25. Qe3 Ng4 26. Qe8+ Bf8 27. Nd1 Qb4
28. Bd3 Bxd3 29. Nxd3 Qd2 30. N3b2 c4 31. h3 c3 32. hxg4 c2 0-1

[Event "Sydney Open 2014"]
[Site "Sydney AUS"]
[Date "2014.04.23"]
[Round "1.4"]
[White "Vajda, Levente"]
[Black "Huynh, Arthur"]
[Result "1-0"]
[WhiteTitle "GM"]
[WhiteElo "2597"]
[BlackElo "2085"]
[WhiteFideId "1203975"]
[BlackFideId "3206033"]
[EventDate "2014.04.23"]

1. e4 e5 2. Nf3 Nc6 3. Bc4 Bc5 4. c3 Nf6 5. d3 d6 6. b4 Bb6 7. a4 a5 8. b5 Ne7
9. O-O O-O 10. Nbd2 Ng6 11. Qb3 Qe7 12. d4 exd4 13. cxd4 Nxe4 14. Re1 Nxd2 15.
Bxd2 Qf6 16. Bg5 Qf5 17. h4 Qg4 18. Rad1 Bd7 19. Nh2 1-0

[Event "Sydney Open 2014"]
[Site "Sydney AUS"]
[Date "2014.04.23"]
[Round "2.1"]
[White "Nisipeanu, Liviu-Dieter"]
[Black "Mu, Ke"]
[Result "1-0"]
[WhiteTitle "GM"]
[WhiteElo "2686"]
[BlackElo "2325"]
[WhiteFideId "1202758"]
[BlackFideId "8602778"]
[EventDate "2014.04.23"]

1. d4 Nf6 2. c4 g6 3. Nc3 d5 4. cxd5 Nxd5 5. e4 Nxc3 6. bxc3 Bg7 7. Be3 c5 8.
Rc1 Qa5 9. Qd2 cxd4 10. cxd4 Qxd2+ 11. Bxd2 O-O 12. Nf3 Bg4 13. Be3 Nc6 14. d5
Bxf3 15. gxf3 Nd4 16. Bh3 e6 17. Rd1 Nc2+ 18. Ke2 Nxe3 19. fxe3 exd5 20. Rxd5
Rfd8 21. Bd7 a6 22. Rc1 b5 23. Rc7 b4 24. f4 Rab8 25. e5 Bf8 26. Bc6 Rbc8 27.
Rb7 a5 28. Kf3 Bg7 29. Rxd8+ Rxd8 30. Ba4 Bf8 31. Bb3 Ra8 32. Bxf7+ Kh8 33. Bd5
a4 34. e6 Re8 35. e4 b3 36. axb3 axb3 37. Bxb3 Bd6 38. Rd7 Be7 39. Ba4 Bf6 40.
e5 Rxe6 41. exf6 Rxf6 42. h4 Rb6 43. Bc2 Rb5 44. Bd3 Rc5 45. Be4 Kg8 46. Bd5+
Kf8 47. Ke4 1-0

[Event "Sydney Open 2014"]
[Site "Sydney AUS"]
[Date "2014.04.23"]
[Round "2.2"]
[White "Li, Zuhao Luke"]
[Black "Van Wely, Loek"]
[Result "1/2-1/2"]
[WhiteTitle "FM"]
[BlackTitle "GM"]
[WhiteElo "2326"]
[BlackElo "2685"]
[WhiteFideId "4303431"]
[BlackFideId "1000268"]
[EventDate "2014.04.23"]

1. d4 Nf6 2. c4 e6 3. Nc3 Bb4 4. Qc2 O-O 5. a3 Bxc3+ 6. Qxc3 b6 7. Bg5 Bb7 8. f3
c5 9. dxc5 bxc5 10. e3 Nc6 11. Ne2 h6 12. Bxf6 Qxf6 13. Qxf6 gxf6 14. O-O-O Rfd8
15. Nc3 f5 16. Rd6 Rac8 17. Be2 Kf8 18. Rhd1 Ke7 19. Nb5 a6 20. Nc3 Rc7 21. Bf1
h5 22. f4 Na5 23. Rb6 Rg8 24. g3 h4 25. gxh4 Bf3 26. Re1 Rg1 27. Kd2 Rxf1 28.
Rxf1 Nxc4+ 29. Kd3 Be2+ 30. Nxe2 Nxb6 31. h5 Nd5 32. Rg1 Rb7 33. h6 Nf6 34. Kc2
Rb8 35. Rg3 Ng4 36. h7 Rh8 37. Rh3 Kf6 38. Kb3 Kg7 39. Ka4 Nf2 40. Rh4 Nd1 41.
Ka5 Nxb2 42. Kxa6 Nc4 43. a4 Nxe3 44. a5 Nc4 45. Kb5 d5 46. a6 Rb8+ 47. Kxc5
Rc8+ 48. Kb5 Nd6+ 49. Kb6 Nc4+ 50. Kb7 Nd6+ 51. Kb6 1/2-1/2

[Event "Sydney Open 2014"]
[Site "Sydney AUS"]
[Date "2014.04.23"]
[Round "2.3"]
[White "Melkumyan, Hrant"]
[Black "Canfell, Gregory"]
[Result "1-0"]
[WhiteTitle "GM"]
[BlackTitle "FM"]
[WhiteElo "2633"]
[BlackElo "2304"]
[WhiteFideId "13302485"]
[BlackFideId "3200418"]
[EventDate "2014.04.23"]

1. d4 Nf6 2. c4 g6 3. Nc3 Bg7 4. e4 d6 5. h3 O-O 6. Bg5 c6 7. Nf3 e5 8. d5 Na6
9. Nd2 h6 10. Be3 Nh5 11. g3 Nc5 12. Be2 Nf6 13. g4 a5 14. h4 cxd5 15. cxd5 Bd7
16. h5 b5 17. Bxc5 dxc5 18. g5 hxg5 19. Bxb5 Bg4 20. Be2 Bxh5 21. Bxh5 Nxh5 22.
Rxh5 gxh5 23. Qxh5 Ra6 24. O-O-O Rg6 25. Nc4 Qf6 26. Qe2 g4 27. d6 Rd8 28. Nd5
Qg5+ 29. Nde3 Qf4 30. Qd2 Qxe4 31. Qxa5 Rd7 32. Qxc5 Bf8 33. Qc8 Rdxd6 34. Nxd6
Qb4 1-0

[Event "Sydney Open 2014"]
[Site "Sydney AUS"]
[Date "2014.04.23"]
[Round "2.4"]
[White "Dale, Ari"]
[Black "Vajda, Levente"]
[Result "0-1"]
[WhiteTitle "IM"]
[BlackTitle "GM"]
[WhiteElo "2310"]
[BlackElo "2597"]
[WhiteFideId "3213145"]
[BlackFideId "1203975"]
[EventDate "2014.04.23"]

1. d4 Nf6 2. c4 e6 3. Nc3 d5 4. cxd5 exd5 5. Bg5 c6 6. e3 Be7 7. Qc2 Nbd7 8. Nf3
Nh5 9. Bxe7 Qxe7 10. g4 Nhf6 11. h3 h5 12. g5 Ne4 13. h4 Nxc3 14. bxc3 a5 15. g6
f6 16. Ng1 Nb6 17. a4 Bg4 18. Qb3 Nc8 19. c4 dxc4 20. Bxc4 Nd6 21. Bd3 Be6 22.
Qc2 Bd5 23. Rh2 O-O-O 24. Ne2 Be4 25. Bxe4 Nxe4 26. Rb1 Rhe8 27. f3 Ng3 28. Nxg3
Qxe3+ 29. Re2 Qg1+ 30. Nf1 Qxd4 31. Qf5+ Kb8 32. f4 Rxe2+ 33. Kxe2 Rd5 34. Qc2
Qxf4 35. Ne3 Qh2+ 36. Kf3 Rd2 37. Qxc6 Qf2+ 38. Ke4 f5+ 39. Nxf5 Qg2+ 40. Ke3
Re2+ 41. Kd3 Qxc6 42. Kxe2 Qc2+ 0-1

[Event "Sydney Open 2014"]
[Site "Sydney AUS"]
[Date "2014.04.24"]
[Round "3.1"]
[White "Solomon, Stephen J."]
[Black "Nisipeanu, Liviu-Dieter"]
[Result "0-1"]
[WhiteTitle "IM"]
[BlackTitle "GM"]
[WhiteElo "2369"]
[BlackElo "2686"]
[WhiteFideId "3200043"]
[BlackFideId "1202758"]
[EventDate "2014.04.23"]

1. e4 c5 2. Nf3 e6 3. d4 cxd4 4. Nxd4 Nf6 5. Nc3 d6 6. Be2 Be7 7. O-O O-O 8. f4
Nc6 9. Be3 Qc7 10. Kh1 Nxd4 11. Bxd4 e5 12. Be3 b6 13. Bd3 Bb7 14. Qf3 Rae8 15.
fxe5 dxe5 16. Bg5 Nd7 17. Bxe7 Rxe7 18. Qh3 Nc5 19. Rf5 Nxd3 20. Qxd3 Rd8 21.
Qe3 Qc5 22. Qxc5 bxc5 23. Rf2 Rd4 24. Re1 h5 25. h4 Re6 26. Kh2 Bc6 27. Re3 Red6
28. Rf5 f6 29. Rf2 Kf7 30. Kg3 Ke6 31. Kf3 f5 32. g3 fxe4+ 33. Kg2 Rd8 34. Ne2
Rd1 35. Ng1 R8d2 36. Nh3 Kd5 37. Ng5 Kd4 38. Rfe2 Rxe2+ 39. Rxe2 e3+ 40. Nf3+
Bxf3+ 41. Kxf3 e4+ 42. Kg2 a5 43. b3 g6 44. a3 Rd2 45. Kf1 Rxe2 46. Kxe2 Kc3 0-1

[Event "Sydney Open 2014"]
[Site "Sydney AUS"]
[Date "2014.04.24"]
[Round "3.2"]
[White "Ikeda, Junta"]
[Black "Melkumyan, Hrant"]
[Result "1/2-1/2"]
[WhiteTitle "FM"]
[BlackTitle "GM"]
[WhiteElo "2338"]
[BlackElo "2633"]
[WhiteFideId "3204731"]
[BlackFideId "13302485"]
[EventDate "2014.04.23"]

1. Nf3 Nf6 2. c4 c5 3. g3 Nc6 4. Bg2 g6 5. Nc3 Bg7 6. d4 cxd4 7. Nxd4 O-O 8. O-O
d6 9. b3 Nxd4 10. Qxd4 Be6 11. Bb2 Qa5 12. Qd2 Rab8 13. Rfd1 Rfc8 14. Nb5 Qxd2
15. Rxd2 a6 16. Nd4 Bd7 17. a4 Bc6 18. Rb1 Be4 19. Bxe4 Nxe4 20. Rdd1 Nc5 21.
Ba3 b6 22. f3 Rb7 23. Kf2 f5 24. Nc2 b5 25. axb5 axb5 26. Bxc5 Rxc5 27. Na3 bxc4
28. bxc4 Ra7 29. Rb3 Kf7 30. Ke3 h5 31. Rd5 Rc8 32. Kd3 Ra4 33. Rdb5 h4 34. R5b4
Rxb4 35. Rxb4 Ra8 36. Nc2 h3 37. Rb5 Bf6 38. Rb1 g5 39. Rf1 Rb8 40. Rc1 Rb3+ 41.
Kd2 Bc3+ 42. Kd1 g4 43. fxg4 fxg4 44. Na1 Ra3 45. Nc2 Ra2 46. Rb1 Ke6 47. Rb3
Bf6 48. Ne3 Ra1+ 49. Kc2 Bd4 50. Nxg4 Kf5 51. Rf3+ Kxg4 52. Rf4+ Kg5 53. Rxd4
Rh1 54. Kd2 Rxh2 55. Ke3 Rh1 56. Kf2 Kf5 57. Rh4 e5 58. Ke3 Kg5 59. Kf2 Kg6 60.
Kf3 Kf6 61. Kf2 Kf5 62. Ke3 h2 63. Kf2 e4 64. Rh5+ Kg4 65. Rh4+ Kg5 66. Ke3 Kf5
67. Rf4+ Kg6 68. Rh4 Kf5 69. Rf4+ Kg6 70. Rh4 Kf5 71. Kd4 1/2-1/2

[Event "Sydney Open 2014"]
[Site "Sydney AUS"]
[Date "2014.04.24"]
[Round "3.3"]
[White "Vajda, Levente"]
[Black "Lane, Gary W."]
[Result "1/2-1/2"]
[WhiteTitle "GM"]
[BlackTitle "IM"]
[WhiteElo "2597"]
[BlackElo "2362"]
[WhiteFideId "1203975"]
[BlackFideId "3203301"]
[EventDate "2014.04.23"]

1. Nf3 d5 2. g3 Nf6 3. Bg2 c5 4. O-O Nc6 5. d3 e5 6. Nbd2 Be7 7. e4 O-O 8. h3
Re8 9. c3 Rb8 10. a4 Bf8 11. exd5 Nxd5 12. Re1 f6 13. a5 Be6 14. a6 b5 15. Nh2
Qd7 16. Ng4 Kh8 17. Nf1 Rbd8 18. Bd2 Nde7 19. Be3 Nf5 20. Be4 Bd6 21. Qf3 Nfe7
22. Nxf6 gxf6 23. Qxf6+ Kg8 24. Bh6 Nf5 25. Qg5+ Kh8 26. Qf6+ Kg8 27. Qg5+ 1/2-1/2

[Event "Sydney Open 2014"]
[Site "Sydney AUS"]
[Date "2014.04.24"]
[Round "3.4"]
[White "Otgonjargal, Sengeravdan"]
[Black "Roy Chowdhury, Saptarshi"]
[Result "0-1"]
[WhiteTitle "WFM"]
[BlackTitle "GM"]
[WhiteElo "2196"]
[BlackElo "2491"]
[WhiteFideId "4900790"]
[BlackFideId "5002974"]
[EventDate "2014.04.23"]

1. e4 c5 2. Nf3 Nc6 3. Bb5 e6 4. O-O Nge7 5. Re1 a6 6. Bf1 Ng6 7. d4 cxd4 8.
Nxd4 Qc7 9. c4 Bd6 10. h3 O-O 11. Be3 Nxd4 12. Bxd4 b6 13. Nc3 Bb7 14. Na4 Bc5
15. Nxc5 bxc5 16. Bc3 e5 17. Qg4 Nf4 18. Rad1 Ne6 19. Rd3 d6 20. Rg3 g6 21. h4
Qe7 22. Bd2 Bc8 23. Bh6 Re8 24. h5 Rb8 25. Bc1 Kh8 26. Qd1 Bd7 27. Be2 Nd4 28.
hxg6 fxg6 29. Bg4 Rf8 30. Bxd7 Qxd7 31. f3 a5 32. Kf2 a4 33. Rh1 Kg8 34. Rgh3
Rf7 35. Qd2 Rb4 36. Rg3 Rxc4 37. Qh6 Rc2+ 38. Kg1 Rxc1+ 39. Kf2 Rf8 40. Rgh3 0-1

[Event "Sydney Open 2014"]
[Site "Sydney AUS"]
[Date "2014.04.24"]
[Round "4.1"]
[White "Nisipeanu, Liviu-Dieter"]
[Black "Ly, Moulthun"]
[Result "1/2-1/2"]
[WhiteTitle "GM"]
[BlackTitle "IM"]
[WhiteElo "2686"]
[BlackElo "2440"]
[WhiteFideId "1202758"]
[BlackFideId "3204405"]
[EventDate "2014.04.23"]

1. d4 Nf6 2. c4 e6 3. Nc3 Bb4 4. e3 O-O 5. Bd3 d5 6. Nf3 c5 7. O-O cxd4 8. exd4
dxc4 9. Bxc4 b6 10. Qe2 Bb7 11. Rd1 Nbd7 12. d5 Bxc3 13. dxe6 Bxf3 14. gxf3 fxe6
15. bxc3 Qc7 16. Bxe6+ Kh8 17. Qc4 Nc5 18. Bf4 Qc6 19. Bh3 Nfe4 20. Be3 Rxf3 21.
Bg2 Qg6 22. Rd4 1/2-1/2

[Event "Sydney Open 2014"]
[Site "Sydney AUS"]
[Date "2014.04.24"]
[Round "4.2"]
[White "Roy Chowdhury, Saptarshi"]
[Black "Johansen, Darryl K."]
[Result "1/2-1/2"]
[WhiteTitle "GM"]
[BlackTitle "GM"]
[WhiteElo "2491"]
[BlackElo "2400"]
[WhiteFideId "5002974"]
[BlackFideId "3200035"]
[EventDate "2014.04.23"]

1. e4 c5 2. Nf3 d6 3. Bc4 Nc6 4. d3 Nf6 5. h3 e6 6. Bb3 Na5 7. Ba4+ Bd7 8. Bxd7+
Qxd7 9. O-O Nc6 10. Re1 Be7 11. c4 O-O 12. Nc3 a6 13. Nh2 Rab8 14. f4 b5 15. Nf3
Ne8 16. b3 Bf6 17. Bb2 Nc7 18. e5 Be7 19. Ne4 Ne8 20. Rc1 Rd8 21. Qe2 Qa7 22.
Kh1 d5 23. cxd5 1/2-1/2

[Event "Sydney Open 2014"]
[Site "Sydney AUS"]
[Date "2014.04.24"]
[Round "4.3"]
[White "Zhai, Mo"]
[Black "Van Wely, Loek"]
[Result "1-0"]
[WhiteTitle "WIM"]
[BlackTitle "GM"]
[WhiteElo "2243"]
[BlackElo "2685"]
[WhiteFideId "8600201"]
[BlackFideId "1000268"]
[EventDate "2014.04.23"]

1. e4 c5 2. Nf3 e6 3. d4 cxd4 4. Nxd4 a6 5. Bd3 Nf6 6. Qe2 d6 7. O-O g6 8. c4
Bg7 9. Nc3 O-O 10. Rd1 Nbd7 11. Be3 Qc7 12. Rac1 b6 13. f3 Bb7 14. Qf2 Rac8 15.
Bf1 Qb8 16. b4 Rfe8 17. Nb3 Rc6 18. Na4 Ba8 19. Rb1 Rec8 20. Rd2 Rxc4 21. Bxc4
Rxc4 22. Nxb6 Nxb6 23. Bxb6 Rxb4 24. Ba7 Qf8 25. Rbd1 Ne8 26. Rc2 Bb7 27. Qd2
Ra4 28. Na5 Qe7 29. Be3 d5 30. Rb1 Rxa5 31. Qxa5 dxe4 32. Qb4 Nd6 33. Bc5 Qg5
34. Bxd6 Qe3+ 35. Kh1 exf3 36. Qxb7 1-0

[Event "Sydney Open 2014"]
[Site "Sydney AUS"]
[Date "2014.04.24"]
[Round "4.4"]
[White "Melkumyan, Hrant"]
[Black "Vajda, Levente"]
[Result "1/2-1/2"]
[WhiteTitle "GM"]
[BlackTitle "GM"]
[WhiteElo "2633"]
[BlackElo "2597"]
[WhiteFideId "13302485"]
[BlackFideId "1203975"]
[EventDate "2014.04.23"]

1. d4 Nf6 2. Nf3 d5 3. c4 e6 4. e3 Be7 5. Nc3 O-O 6. Bd3 dxc4 7. Bxc4 Nbd7 8.
O-O c5 9. Qe2 a6 10. a4 Qc7 11. Rd1 Rd8 12. a5 b5 13. axb6 Nxb6 14. Bd3 Bb7 15.
h3 cxd4 16. exd4 Nbd5 17. Nxd5 Nxd5 18. Ne5 Bf6 19. Bd2 Bxe5 20. dxe5 Qc6 21.
Qe4 f5 22. exf6 Nxf6 23. Qxc6 Bxc6 24. Ba5 Rd7 25. Bc4 Rxd1+ 26. Rxd1 Nd5 27.
Rc1 Bb5 28. Ba2 Re8 29. Rc5 Kf7 30. Kh2 Bd3 31. g4 g6 32. Kg3 h5 33. Bc3 hxg4
34. hxg4 Rb8 35. Bxd5 exd5 36. Rxd5 Bc2 37. Rd6 Ra8 38. Rc6 Bd3 39. Rc5 Re8 40.
Be5 Ke6 41. Kh4 Kf7 42. Kg5 Re6 43. f4 Be4 44. Rc4 Bf3 45. Rc3 Be2 46. Rh3 Rc6
47. Rh7+ Ke8 48. Rh2 Bf3 49. Rh3 Bd1 50. Rd3 Bc2 51. Rd2 Kf7 52. Bc3 Be4 53. Bb4
Ke8 54. Rd4 Bf3 55. Rd3 Be4 56. Rh3 Rb6 57. Bc5 Rc6 58. b4 Kd7 59. Rh7+ Kc8 60.
Re7 Bb1 61. Re5 Kb7 62. f5 gxf5 63. gxf5 Ba2 64. f6 Bf7 65. Rf5 Rc8 66. Re5 Rg8+
67. Kf4 Re8 68. Be7 Rg8 69. Re1 Kc6 70. Rc1+ Kb5 71. Ra1 Kb6 72. Bc5+ Kb7 73.
Rh1 Rc8 74. Ke5 Rd8 75. Bd6 Rd7 76. Rh8 Ba2 77. Rb8+ Ka7 78. Rc8 Kb7 79. Rb8+
Ka7 80. Re8 Kb7 81. Rh8 Bb3 82. Rh3 Ba2 83. Ra3 Bf7 84. Ra1 Bb3 85. Ra3 Bf7 86.
Bc5 Bc4 87. Kf4 Kc6 88. Kg5 Rd8 89. Be7 Rg8+ 90. Kf5 Rg1 91. Bc5 Rf1+ 92. Kg6
Rf4 93. Be7 Rf1 94. Ra5 Rg1+ 95. Kf5 Rf1+ 96. Ke5 Bb5 97. Bc5 Kd7 98. Ra3 Re1+
99. Kf5 Rf1+ 100. Kg6 Bc4 101. Rh3 Kc6 102. Rh4 Bd5 103. Be7 Rg1+ 104. Kh6 Ra1
105. Bd8 Rf1 106. Rd4 Kd6 107. Rg4 Kd7 108. Be7 Kc6 109. Kg7 Kb5 110. Rg5 Kc6
111. Bd8 Be6 112. Ra5 Rg1+ 113. Kh6 Rh1+ 114. Rh5 Rxh5+ 115. Kxh5 Kd7 116. Ba5 1/2-1/2

[Event "Sydney Open 2014"]
[Site "Sydney AUS"]
[Date "2014.04.25"]
[Round "5.1"]
[White "Johansen, Darryl K."]
[Black "Nisipeanu, Liviu-Dieter"]
[Result "0-1"]
[WhiteTitle "GM"]
[BlackTitle "GM"]
[WhiteElo "2400"]
[BlackElo "2686"]
[WhiteFideId "3200035"]
[BlackFideId "1202758"]
[EventDate "2014.04.23"]

1. c4 g6 2. e4 Bg7 3. d4 d6 4. Nc3 Nf6 5. Be2 O-O 6. Bg5 c5 7. d5 b5 8. cxb5 a6
9. a4 Qa5 10. Bd2 axb5 11. Bxb5 Ba6 12. Ra3 Nbd7 13. Nf3 Bxb5 14. Nxb5 Qa6 15.
Qc2 Rac8 16. O-O Ng4 17. Bc3 Nge5 18. Nxe5 Nxe5 19. b3 f5 20. f4 Ng4 21. Bxg7
Kxg7 22. h3 Nf6 23. exf5 Nxd5 24. Qe4 Qa8 25. fxg6 hxg6 26. Rd1 Nxf4 27. Qxe7+
Rf7 28. Qg5 Re8 29. Ra2 Re5 30. Qg4 Re4 31. Kh2 Ne2 32. Qg5 Rf5 33. Qd2 d5 34.
Qd3 Qb8+ 35. Kh1 Qe5 36. Raa1 Re3 0-1

[Event "Sydney Open 2014"]
[Site "Sydney AUS"]
[Date "2014.04.25"]
[Round "5.2"]
[White "Ikeda, Junta"]
[Black "Roy Chowdhury, Saptarshi"]
[Result "1/2-1/2"]
[WhiteTitle "FM"]
[BlackTitle "GM"]
[WhiteElo "2338"]
[BlackElo "2491"]
[WhiteFideId "3204731"]
[BlackFideId "5002974"]
[EventDate "2014.04.23"]

1. Nf3 Nf6 2. c4 d6 3. d4 Bf5 4. g3 c6 5. Bg2 Nbd7 6. Nc3 e5 7. O-O h6 8. d5
cxd5 9. cxd5 Be7 10. Nd2 O-O 11. e4 Bg6 12. Nc4 Rc8 13. Qe2 Nc5 14. f3 a6 15.
Ne3 Qd7 16. Bd2 Nh7 17. h4 Rc7 18. Kh2 Ra8 19. Bh3 Qd8 20. Rac1 Nd7 21. f4 exf4
22. gxf4 Nhf6 23. Rg1 Bf8 24. Nf5 Kh8 25. Be1 b5 26. a3 a5 27. Bf2 b4 28. Nb5
Rxc1 29. Rxc1 Bxf5 30. Bxf5 bxa3 31. bxa3 Rb8 32. Nd4 Qe8 33. Nc6 Rb3 34. a4 g6
35. Bh3 Qxe4 36. Qxe4 Nxe4 37. Bd4+ Ndf6 38. Bg2 Kg8 39. Nxa5 Ra3 40. Ra1 Rd3
41. Nc6 Ng4+ 42. Kg1 Rxd4 43. Nxd4 Bg7 44. Nb3 Bxa1 45. Nxa1 Nc5 46. a5 Ne3 47.
Bf3 Nc4 48. a6 Nxa6 49. Be2 Nb6 50. Bxa6 Nxd5 51. f5 Kg7 52. Kf2 Kf6 53. fxg6
fxg6 54. Be2 h5 55. Nb3 g5 56. Bf3 Ne7 57. hxg5+ Ke5 1/2-1/2

[Event "Sydney Open 2014"]
[Site "Sydney AUS"]
[Date "2014.04.25"]
[Round "5.3"]
[White "Ly, Moulthun"]
[Black "Zhai, Mo"]
[Result "1-0"]
[WhiteTitle "IM"]
[BlackTitle "WIM"]
[WhiteElo "2440"]
[BlackElo "2243"]
[WhiteFideId "3204405"]
[BlackFideId "8600201"]
[EventDate "2014.04.23"]

1. e4 c5 2. Nf3 Nc6 3. d4 cxd4 4. Nxd4 Qb6 5. Nb3 Nf6 6. Nc3 e6 7. Bd3 a6 8. O-O
Qc7 9. f4 d6 10. Qe2 Be7 11. Bd2 O-O 12. Rae1 b5 13. Kh1 Bb7 14. a3 Rfe8 15. e5
Nd7 16. exd6 Bxd6 17. Ne4 Be7 18. Ng5 Nf6 19. Nf3 Rac8 20. Ne5 Bf8 21. Nxc6 Bxc6
22. Bc3 Nd7 23. Qf2 Bd5 24. Qh4 h6 25. Qg3 Bc4 26. Bxc4 Qxc4 27. Nd2 Qd5 28. Ne4
Rc4 29. Nf2 Qf5 30. Ng4 Qg6 31. Qf3 h5 32. Ne3 Re4 33. Rd1 Nb6 34. f5 exf5 35.
Nxf5 Nc4 36. Rd7 f6 37. h3 Re2 38. Qd5+ Kh8 39. Nh4 Qxc2 40. Qxh5+ Qh7 41. Ng6+
Kg8 42. Qd5+ R2e6 43. Nxf8 Kxf8 44. Rxf6+ 1-0

[Event "Sydney Open 2014"]
[Site "Sydney AUS"]
[Date "2014.04.25"]
[Round "5.4"]
[White "Mu, Ke"]
[Black "Melkumyan, Hrant"]
[Result "0-1"]
[BlackTitle "GM"]
[WhiteElo "2325"]
[BlackElo "2633"]
[WhiteFideId "8602778"]
[BlackFideId "13302485"]
[EventDate "2014.04.23"]

1. d4 Nf6 2. c4 e6 3. Nc3 Bb4 4. e3 O-O 5. Ne2 d5 6. a3 Be7 7. cxd5 exd5 8. Nf4
c6 9. Bd3 Na6 10. O-O Nc7 11. Bc2 Re8 12. f3 c5 13. Kh1 Ne6 14. Nxe6 Bxe6 15. f4
Rc8 16. dxc5 Bxc5 17. Bb3 Bg4 18. Qd3 d4 19. exd4 Qxd4 20. Qxd4 Bxd4 21. Bd2 Bf5
22. Rae1 Bd3 23. Rxe8+ Rxe8 24. Rc1 h5 25. h3 Bf2 26. Ba4 Rd8 27. Be1 Be3 28.
Rd1 Rd4 29. Bh4 Bc4 30. Rxd4 Bxd4 31. Bc2 Nd7 32. b3 Bxb3 33. Bxb3 Bxc3 34. Bd5
b6 35. Be7 Bd4 36. Bc6 Nb8 37. Bb5 Bc5 38. Bd8 a6 39. Be2 b5 40. Bc7 Nd7 41.
Bxh5 Bxa3 42. Bg4 Nf6 43. Bc8 Nd5 44. Ba5 b4 45. Bb7 Nxf4 46. g3 Nxh3 47. Bxa6
b3 48. Kg2 Ng5 49. Bd3 b2 50. Bc3 Ne6 51. Kf3 Nc5 52. Bc2 Na4 53. Bd4 Bc5 54.
Ke4 Bxd4 55. Kxd4 g6 56. Kc4 Kg7 57. Kb4 Nb6 58. Kc3 Kf6 59. Kxb2 Nc4+ 60. Kc3
Ne3 61. Bb3 Nf5 62. g4 Nh6 63. Kd4 0-1

[Event "Sydney Open 2014"]
[Site "Sydney AUS"]
[Date "2014.04.25"]
[Round "6.1"]
[White "Nisipeanu, Liviu-Dieter"]
[Black "Melkumyan, Hrant"]
[Result "1/2-1/2"]
[WhiteTitle "GM"]
[BlackTitle "GM"]
[WhiteElo "2686"]
[BlackElo "2633"]
[WhiteFideId "1202758"]
[BlackFideId "13302485"]
[EventDate "2014.04.23"]

1. Nf3 Nf6 2. c4 c5 3. Nc3 Nc6 4. e3 e6 5. d4 d5 6. cxd5 exd5 7. Bb5 Bd6 8. dxc5
Bxc5 9. O-O O-O 10. b3 a6 11. Bxc6 bxc6 12. Bb2 Bg4 13. Ne2 Bd6 14. Rc1 c5 15.
Ng3 Bxg3 16. hxg3 Ne4 17. Qd3 Be6 18. Nd2 Nxd2 19. Qxd2 c4 20. Qc3 f6 21. Rfd1
Qb6 22. bxc4 1/2-1/2

[Event "Sydney Open 2014"]
[Site "Sydney AUS"]
[Date "2014.04.25"]
[Round "6.2"]
[White "Roy Chowdhury, Saptarshi"]
[Black "Ly, Moulthun"]
[Result "0-1"]
[WhiteTitle "GM"]
[BlackTitle "IM"]
[WhiteElo "2491"]
[BlackElo "2440"]
[WhiteFideId "5002974"]
[BlackFideId "3204405"]
[EventDate "2014.04.23"]

1. e4 c5 2. Nf3 e6 3. d3 b6 4. Nbd2 Bb7 5. g3 d6 6. Bg2 Nf6 7. O-O Be7 8. h3
Nbd7 9. Qe2 O-O 10. a4 a6 11. c3 b5 12. Nh2 Qc7 13. f4 bxa4 14. Rxa4 Rfe8 15.
Ra1 Bf8 16. g4 g6 17. c4 Bg7 18. Ndf3 Nb8 19. Bd2 Nc6 20. Bc3 e5 21. fxe5 dxe5
22. Qf2 Nb4 23. Rfd1 Rad8 24. Qe2 h5 25. g5 Nh7 26. Nf1 Nf8 27. Ne3 Ne6 28. Bxb4
cxb4 29. Nd5 Qd6 30. Qe3 Nd4 31. Qf2 Bxd5 32. exd5 e4 33. dxe4 Nb3 34. Ne1 Nxa1
35. Rxa1 Qe5 36. Nd3 Qxg5 37. Rf1 Rxe4 38. Qxf7+ Kh7 39. Qc7 Rde8 40. d6 Rd4 41.
Rf7 Rg8 42. Nf2 Qc1+ 43. Bf1 Rf4 44. b3 Rxf7 45. Qxf7 Rf8 46. Qe7 Qf4 0-1

[Event "Sydney Open 2014"]
[Site "Sydney AUS"]
[Date "2014.04.25"]
[Round "6.3"]
[White "Morris, James"]
[Black "Ikeda, Junta"]
[Result "0-1"]
[WhiteTitle "IM"]
[BlackTitle "FM"]
[WhiteElo "2377"]
[BlackElo "2338"]
[WhiteFideId "3205800"]
[BlackFideId "3204731"]
[EventDate "2014.04.23"]

1. d4 Nf6 2. Nf3 e6 3. g3 b6 4. Bg2 Bb7 5. O-O c5 6. c3 Be7 7. a3 O-O 8. Nbd2 d5
9. b4 a5 10. dxc5 axb4 11. cxb4 bxc5 12. b5 c4 13. a4 Nbd7 14. Bb2 Bb4 15. Qc2
Qa5 16. Rfc1 Rfc8 17. Bc3 Bxc3 18. Qxc3 Nc5 19. Ne5 Qxc3 20. Rxc3 Rxa4 21. Rca3
c3 22. Rxa4 Nxa4 23. Ndc4 c2 24. Rc1 dxc4 25. Bxb7 Rc5 26. Rxc2 Rxe5 27. Rxc4
Nb6 28. Rd4 Kf8 29. Bc6 Rxe2 30. Rd8+ Ke7 31. Rb8 Nfd7 0-1